000 01068nac a22002891u 4500
010 _a 2008006549
020 _a9780749451073
082 0 0 _a658.4056
_bREG
090 _c9765
_d9765
100 _aRegester, Michael.
245 1 0 _aRisk issues and crisis management in public relations /
_cMichael Regester and Judy Larkin.
250 _a4th ed.
260 _aIndia ;
_aCrest Publishing House:
_bKogan Page,c.2003.
_cc.2003.
300 _a208p;
_c22cm.
500 _aRev. ed. of: Risk issues and crisis management, 2005.
500 _aDistributer: Al-Ahram.
504 _aIncludes bibliographical references and index.
511 _aCatalogued By: Mahitab.
650 0 _aIssues management.
650 0 _aSocial responsibility of business.
650 0 _aCrisis management.
650 0 _aPublic relations.
700 1 _aLarkin, Judy.
700 1 _aRegester, Michael.
942 _cBB
_k658.4056REG
999 _c9765
_d9765